Introduction To Organizational Behaviour Volume 1 (Record no. 43488)

MARC details
000 -LEADER
fixed length control field 00493nam a22001817a 4500
005 - DATE AND TIME OF LATEST TRANSACTION
control field 20250401103514.0
008 - FIXED-LENGTH DATA ELEMENTS--GENERAL INFORMATION
fixed length control field 250401b |||||||| |||| 00| 0 eng d
020 ## - INTERNATIONAL STANDARD BOOK NUMBER
International Standard Book Number 9781787151703
041 ## - LANGUAGE CODE
Language code of text/sound track or separate title eng
082 ## - DEWEY DECIMAL CLASSIFICATION NUMBER
Classification number 302.35 CUR
100 ## - MAIN ENTRY--PERSONAL NAME
Author Curtis, Lori
245 ## - TITLE STATEMENT
Title Introduction To Organizational Behaviour Volume 1
260 ## - PUBLICATION, DISTRIBUTION, ETC.
Place UK
Publisher Kruger Brentt
Publication Year 2024
300 ## - PHYSICAL DESCRIPTION
Extent 371;. pages: 25 cm
650 ## - SUBJECT ADDED ENTRY--TOPICAL TERM
Subject Human Resource Management
700 ## - ADDED ENTRY--PERSONAL NAME
Co-Author Hammond, Beverly and Natalie
942 ## - ADDED ENTRY ELEMENTS (KOHA)
Koha item type Books
Holdings
Withdrawn status Lost status Source of classification or shelving scheme Damaged status Not for loan Home library Current library Shelving location Accession Date Vendor Price Bill number Total Checkouts Full call number Barcode No Date last seen Discount Bill Date Koha item type Suggested By
    Dewey Decimal Classification     IMTN IMTN Rack 6-A 03/26/2025 Raghav Books Private Limited 9905.70 2374   302.35 CUR 33773 04/01/2025 33 02/14/2025 Books Dr.Vint S. Chauhan
Designed & Maintained by: LRC IMT Nagpur Contact: lrc@imtnag.ac.in© 2024. All Rights Reserved.